000 00346nam a2200133Ia 4500
008 220204s9999 xx 000 0 und d
082 _a579
_bCOL
245 0 _aProgress in microbiological techniques
260 _aLondon
_bButterworths
_c1967
650 _aMicrobiological technique
650 _aMycology
700 _aCOLLINS, C H
942 _cBK
999 _c21141
_d21141